00293 a2200121 4500001000700000020000600007040001100013100003300024240004500057245004000102362000900142440002000151171231 a  cMagnum aVon Atzingen, Maria Cristina10aCacando principes e engolindo saposlpor10aCacando principes e engolindo sapos0 a1899 1aBertrand Brasil